000 00551nam a2200169Ia 4500
005 20250508155938.0
008 008 250505s9999 xx 000 0 eng d
037 _aBooks to be hide in OPAC
040 _aFEDL
_beng
_cFEDL
041 _aeng
_2eng
084 _a371.4269415, IRE
_qFEDL
245 0 _aForty-fourth report of the inspector : Reformatory and industrial schools of Ireland
260 _aDublin
_bHis Majesty's Stationery Office
_c1906
300 _a86p.
942 _cHB
_h371.4269415, IRE
999 _c1360311
_d1360311